000 00384nab a2200133Ia 4500
003 ES-SlBCS
005 20210601125237.0
008 140529s1977 xxu||||| |||| 00| 0 eng d
041 _aeng
100 1 _aCahn, Steven M.
_9155904
245 0 0 _aRandom Choices
_c Steven M. Cahn
773 0 _tPhilosophy and Phenomenological Research
_gvol. 37, 1977, págs. 549-551
_wRev1411
942 _cAR
999 _c527142
_d527142